[Event "World-chT Rapid"]
[Site "Dusseldorf"]
[Date "2023.08.28"]
[Round "12"]
[White "Bellahcene, Bilel"]
[Black "Heinert, Eugen"]
[Result "0-1"]
[WhiteElo "2515"]
[BlackElo "2121"]
[PlyCount "78"]
[EventDate "2023.08.26"]
[EventType "team-swiss (rapid)"]
[EventRounds "12"]
[EventCountry "GER"]
[SourceTitle "CBM 215 Extra"]
[Source "ChessBase"]
[SourceDate "2023.09.30"]
[SourceVersion "1"]
[SourceVersionDate "2023.09.30"]
[SourceQuality "1"]
[WhiteTeam "Africa"]
[BlackTeam "Blerickse Schaakvereniging"]
[BlackTeamCountry "NED"]

1. e4 e6 2. d4 d5 3. e5 c5 4. c3 Nc6 5. g3 Nge7 6. Ne2 Nf5 7. Bh3 cxd4 8. Bxf5 exf5 9. cxd4 Be6 10. Nbc3 Be7 11. h4 h6 12. Be3 Rc8 13. Nf4 Qd7 14. h5 Na5 15. 0-0 Nc4 16. Qf3 Rd8 17. Bc1 0-0 18. a4 a6 19. b3 Na5 20. Rb1 Nc6 21. Rd1 Bb4 22. Nce2 Rc8 23. Nd3 Be7 24. Bd2 b6 25. Kg2 Rc7 26. Ndf4 Rfc8 27. Be3 Nb4 28. Kh2 Rc2 29. Rg1 Bg5 30. Nxe6 fxe6 31. g4 f4 32. Nxf4 Rf8 33. Qg3 Bxf4 34. Bxf4 Nd3 35. Be3 Nxf2 36. Rg2 Ne4 37. Qe1 Rxg2+ 38. Kxg2 Qf7 39. Qe2 Nc3 0-1

[Event "Krefeld op"]
[Site "Krefeld"]
[Date "2022.08.04"]
[Round "1"]
[White "Roth, Jan Paul"]
[Black "Heinert, Eugen"]
[Result "0-1"]
[WhiteElo "1658"]
[BlackElo "2163"]
[PlyCount "54"]
[EventDate "2022.08.04"]
[EventType "swiss"]
[EventRounds "9"]
[EventCountry "GER"]
[SourceTitle "CBM 209 Extra"]
[Source "ChessBase"]
[SourceDate "2022.09.30"]
[SourceVersion "1"]
[SourceVersionDate "2022.09.30"]
[SourceQuality "1"]

1. d4 d5 2. Nf3 Nf6 3. Bg5 Ne4 4. Bf4 c5 5. e3 Nc6 6. c3 Qb6 7. Qb3 c4 8. Qxb6 axb6 9. Nbd2 Bf5 10. Be2 b5 11. 0-0 b4 12. Nxe4 Bxe4 13. Nd2 Bg6 14. Bf3 e6 15. e4 Ra5 16. exd5 exd5 17. Rfe1+ Kd8 18. a3 b3 19. h3 Be7 20. Rad1 Bc2 21. Ra1 Re8 22. Nf1 Bxa3 23. Rxe8+ Kxe8 24. bxa3 b2 25. Re1+ Kd7 26. Nd2 Rxa3 27. Bxd5 Ra1 0-1

[Event "Arco op 42nd"]
[Site "Arco"]
[Date "2020.10.16"]
[Round "7.1"]
[White "Heinert, Eugen"]
[Black "Moroni, Luca Jr"]
[Result "0-1"]
[WhiteElo "2204"]
[BlackElo "2551"]
[PlyCount "62"]
[EventDate "2020.10.10"]
[EventType "swiss"]
[EventRounds "9"]
[EventCountry "ITA"]
[SourceTitle "CBM 198 Extra"]
[Source "ChessBase"]
[SourceDate "2020.11.30"]
[SourceVersion "1"]
[SourceVersionDate "2020.11.30"]
[SourceQuality "1"]

1. e4 e5 2. Nc3 Nf6 3. f4 d6 4. Nf3 Nc6 5. Bb5 Bd7 6. d3 exf4 7. Bxf4 a6 8. Ba4 Be7 9. 0-0 0-0 10. Qd2 b5 11. Bb3 Na5 12. Rae1 Nxb3 13. axb3 a5 14. h3 a4 15. bxa4 bxa4 16. e5 dxe5 17. Nxe5 Be6 18. Kh1 Ra6 19. Nd1 Nh5 20. Qe2 Nxf4 21. Rxf4 Bg5 22. Rff1 Bh4 23. Nf2 Qb8 24. d4 Rd6 25. c3 Bg3 26. Ra1 Bxe5 27. Qxe5 Qxb2 28. Ne4 Bd5 29. Rg1 Rdd8 30. c4 Bc6 31. Rab1 Qxd4 0-1

[Event "Niederrhein-ch"]
[Site "Solingen"]
[Date "2019.04.16"]
[Round "5.2"]
[White "Heinert, Eugen"]
[Black "Westermann, Johannes"]
[Result "1-0"]
[WhiteElo "2180"]
[BlackElo "2036"]
[PlyCount "79"]
[EventDate "2019.04.12"]
[EventType "swiss"]
[EventRounds "7"]
[EventCountry "GER"]
[SourceTitle "EXT 2022"]
[Source "ChessBase"]
[SourceDate "2021.10.06"]
[SourceVersion "1"]
[SourceVersionDate "2021.10.06"]
[SourceQuality "1"]

1. e4 e5 2. Nf3 Nc6 3. Bc4 Nf6 4. d3 Bc5 5. 0-0 d6 6. c3 a6 7. a4 0-0 8. Bg5 h6 9. Bh4 g5 10. Bg3 Bb6 11. Na3 Bg4 12. h3 Bh5 13. Ba2 Ba7 14. Nc4 Qd7 15. Ne3 Ne7 16. Bb1 Nh7 17. Nxe5 Bxd1 18. Nxd7 Rfd8 19. Rxd1 Rxd7 20. d4 Rad8 21. b4 Nf8 22. Ng4 Kg7 23. Ne3 Nfg6 24. Bc2 f6 25. Bb3 Nf8 26. h4 Kg6 27. Kh2 Re8 28. h5+ Kg7 29. Rf1 c6 30. f4 Nc8 31. Nf5+ Kh8 32. Nxh6 Rh7 33. fxg5 fxg5 34. Rf6 Rxh6 35. Rxh6+ Kg7 36. Rxd6 Nxd6 37. Bxd6 Nh7 38. Rf1 Rxe4 39. Rf7+ Kh6 40. Bc2 1-0

[Event "Niederrhein-ch"]
[Site "Solingen"]
[Date "2019.04.13"]
[Round "2.1"]
[White "Borchert, Stephan"]
[Black "Heinert, Eugen"]
[Result "0-1"]
[WhiteElo "2079"]
[BlackElo "2180"]
[PlyCount "74"]
[EventDate "2019.04.12"]
[EventType "swiss"]
[EventRounds "7"]
[EventCountry "GER"]
[SourceTitle "EXT 2022"]
[Source "ChessBase"]
[SourceDate "2021.10.06"]
[SourceVersion "1"]
[SourceVersionDate "2021.10.06"]
[SourceQuality "1"]

1. e4 e6 2. d4 d5 3. Nc3 Bb4 4. e5 c5 5. a3 Bxc3+ 6. bxc3 Qa5 7. Bd2 Qa4 8. h4 Nc6 9. h5 h6 10. Nf3 c4 11. Nh4 Nge7 12. g4 Bd7 13. f4 g6 14. Ng2 0-0-0 15. Ne3 Rdg8 16. Qf3 Be8 17. Bh3 gxh5 18. gxh5 Kb8 19. f5 exf5 20. Nxf5 Nxf5 21. Qxf5 Ne7 22. Qf6 Bd7 23. Qd6+ Kc8 24. e6 fxe6 25. Bf4 Kd8 26. Bxe6 Rg2 27. Bf7 Qa5 28. 0-0-0 Qb6 29. Qb8+ Nc8 30. Rde1 Rf8 31. Bxd5 Rf2 32. Bg3 Rxc2+ 33. Kxc2 Qb3+ 34. Kd2 Qb2+ 35. Ke3 Qxc3+ 36. Ke4 Qf3+ 37. Ke5 Qf5# 0-1

[Event "Dortmund Sparkassen op-A 46th"]
[Site "Dortmund"]
[Date "2018.07.18"]
[Round "5"]
[White "Heinert, Eugen"]
[Black "Puetter, Pascal"]
[Result "1/2-1/2"]
[WhiteElo "2200"]
[BlackElo "2002"]
[PlyCount "88"]
[EventDate "2018.07.14"]
[EventType "swiss"]
[EventRounds "9"]
[EventCountry "GER"]
[SourceTitle "CBM 185 Extra"]
[Source "ChessBase"]
[SourceDate "2018.07.29"]
[SourceVersion "1"]
[SourceVersionDate "2018.07.29"]
[SourceQuality "1"]

1. d4 e6 2. Bf4 Nf6 3. e3 d5 4. Nd2 c5 5. c3 Nc6 6. Ngf3 Be7 7. Bd3 Nh5 8. Bg3 Nxg3 9. hxg3 h6 10. Qe2 cxd4 11. exd4 Qb6 12. Nf1 Bd7 13. Ne3 a6 14. Ng4 Bd6 15. Rh5 Ne7 16. Nfe5 Bb5 17. Kf1 Bxe5 18. Nxe5 Nc6 19. Bxb5 axb5 20. Ng6 Nxd4 21. cxd4 fxg6 22. Rxd5 0-0 23. Qxb5 Qc7 24. Re5 Rxa2 25. Rxa2 Qc2 26. Re2 Qb1+ 27. Re1 Qxa2 28. Qxb7 Qc4+ 29. Re2 Qc1+ 30. Re1 Qc4+ 31. Kg1 Qxd4 32. Rf1 e5 33. Qb3+ Kh7 34. Qc3 Rb8 35. Qxd4 exd4 36. Rb1 Rb3 37. Kf1 g5 38. Ke2 Kg6 39. g4 Kf6 40. Kd2 d3 41. Ke3 Ke5 42. g3 Kd5 43. Rd1 Rxb2 44. Rxd3+ Ke6 1/2-1/2

[Event "Niederrhein-ch"]
[Site "Solingen"]
[Date "2018.03.25"]
[Round "3.5"]
[White "Kretzschmar, Michael"]
[Black "Heinert, Eugen"]
[Result "1/2-1/2"]
[WhiteElo "2074"]
[BlackElo "2237"]
[PlyCount "113"]
[EventDate "2018.03.23"]
[EventType "swiss"]
[EventRounds "7"]
[EventCountry "GER"]
[SourceTitle "EXT 2022"]
[Source "ChessBase"]
[SourceDate "2021.10.06"]
[SourceVersion "1"]
[SourceVersionDate "2021.10.06"]
[SourceQuality "1"]

1. d4 d5 2. Bf4 Nf6 3. e3 c5 4. c3 Nc6 5. Nd2 e6 6. Ngf3 Bd6 7. Ne5 Qc7 8. Ndf3 0-0 9. Bd3 b6 10. 0-0 Bb7 11. Qe2 Ne4 12. Rac1 f6 13. Nxc6 Bxf4 14. exf4 Bxc6 15. Qe3 Rfe8 16. Rfe1 Rad8 17. Re2 Qd7 18. Nd2 cxd4 19. cxd4 Nd6 20. Qh3 g6 21. Rce1 Nf5 22. Bxf5 gxf5 23. Qh6 Qf7 24. Re3 Bd7 25. Rc1 Rc8 26. Rg3+ Kh8 27. Rgc3 Rxc3 28. Rxc3 Rc8 29. Qh3 Qf8 30. a3 Kg8 31. Qd3 Rxc3 32. Qxc3 Qc8 33. Qxc8+ Bxc8 34. Kf1 Kf7 35. Nb1 Ke7 36. b4 Kd6 37. b5 Bd7 38. a4 Be8 39. Ke2 Bh5+ 40. f3 Be8 41. Ke3 Kc7 42. Nc3 Kd6 43. g4 fxg4 44. fxg4 Bg6 45. Kd2 h5 46. f5 Bf7 47. fxe6 Kxe6 48. gxh5 Bxh5 49. Ke3 Bg6 50. Kf4 Bc2 51. h3 Bd3 52. h4 Bg6 53. Kg4 Bf5+ 54. Kf3 Bg6 55. Kf4 Bh5 56. Na2 Bd1 57. Nc3 1/2-1/2

[Event "Niederrhein-ch"]
[Site "Solingen"]
[Date "2018.03.24"]
[Round "2.5"]
[White "Heinert, Eugen"]
[Black "Borchert, Stephan"]
[Result "1/2-1/2"]
[WhiteElo "2237"]
[BlackElo "1970"]
[PlyCount "32"]
[EventDate "2018.03.23"]
[EventType "swiss"]
[EventRounds "7"]
[EventCountry "GER"]
[SourceTitle "EXT 2022"]
[Source "ChessBase"]
[SourceDate "2021.10.06"]
[SourceVersion "1"]
[SourceVersionDate "2021.10.06"]
[SourceQuality "1"]

1. c4 Nf6 2. g3 g6 3. Bg2 Bg7 4. Nc3 0-0 5. Rb1 d6 6. d3 Nbd7 7. b4 c5 8. a3 Rb8 9. e4 Ne5 10. b5 Qa5 11. Bb2 Nfg4 12. Nge2 d5 13. cxd5 c4 14. dxc4 Nxc4 15. Qa4 Qb6 16. 0-0 Nd2 1/2-1/2

[Event "Dortmund Sparkassen op-A 45th"]
[Site "Dortmund"]
[Date "2017.07.19"]
[Round "5"]
[White "Manthei, Michael"]
[Black "Heinert, Eugen"]
[Result "0-1"]
[WhiteElo "2004"]
[BlackElo "2168"]
[PlyCount "54"]
[EventDate "2017.07.15"]
[EventType "swiss"]
[EventRounds "9"]
[EventCountry "GER"]
[SourceTitle "CBM 179 Extra"]
[Source "ChessBase"]
[SourceDate "2017.08.23"]
[SourceVersion "1"]
[SourceVersionDate "2017.08.23"]
[SourceQuality "1"]

1. d4 d5 2. e3 Nf6 3. Bd3 c5 4. b3 cxd4 5. exd4 Nc6 6. c3 Bg4 7. f3 Bh5 8. Ne2 Bg6 9. Be3 e6 10. Bf2 Bd6 11. Bg3 Rc8 12. Qd2 a6 13. 0-0 0-0 14. Bxg6 hxg6 15. Qd3 Rc7 16. Nd2 Qd7 17. Rfc1 Rfc8 18. a3 Na5 19. c4 dxc4 20. Nxc4 Nxc4 21. bxc4 e5 22. Rab1 exd4 23. Bf2 Bc5 24. Bxd4 Bxd4+ 25. Nxd4 b5 26. Rb4 Nd5 27. Nxb5 Nxb4 0-1

[Event "GER-ch 88th"]
[Site "Apolda"]
[Date "2017.06.25"]
[Round "3"]
[White "Miller, Eduard"]
[Black "Heinert, Eugen"]
[Result "0-1"]
[WhiteElo "2319"]
[BlackElo "2151"]
[PlyCount "130"]
[EventDate "2017.06.23"]
[EventType "swiss"]
[EventRounds "9"]
[EventCountry "GER"]
[SourceTitle "CBM 179 Extra"]
[Source "ChessBase"]
[SourceDate "2017.08.23"]
[SourceVersion "1"]
[SourceVersionDate "2017.08.23"]
[SourceQuality "1"]

1. e4 e6 2. d3 d5 3. Nd2 Nf6 4. Ngf3 Nc6 5. c3 e5 6. Be2 Bd6 7. 0-0 0-0 8. b4 Ne7 9. Re1 Ng6 10. a3 c6 11. Bf1 Re8 12. g3 a5 13. Bb2 Qb6 14. Rb1 axb4 15. axb4 Qc7 16. Qb3 h6 17. c4 d4 18. c5 Bf8 19. Nc4 Be6 20. Qc2 Nd7 21. Bc1 Ra6 22. Bd2 Rea8 23. Rec1 Ra2 24. Rb2 Bxc4 25. dxc4 R2a3 26. Ne1 Nf6 27. Bg2 Qb8 28. Nd3 Qa7 29. Kf1 Be7 30. Ke2 Nd7 31. h4 Ngf8 32. Bh3 Qa4 33. Qxa4 R8xa4 34. f3 h5 35. Be1 f6 36. Rcb1 Kf7 37. f4 g5 38. hxg5 fxg5 39. Bf5 exf4 40. gxf4 gxf4 41. Rb3 Rxb3 42. Rxb3 Ra2+ 43. Kf3 Bg5 44. b5 Kf6 45. Bf2 Ne5+ 46. Nxe5 Kxe5 47. bxc6 bxc6 48. Rb8 Ra3+ 49. Kg2 Ra2 50. Rxf8 Bh4 51. Re8+ Kf6 52. Re6+ Kg7 53. Rg6+ Kf8 54. Rxc6 Bxf2 55. Rc8+ Ke7 56. Rc7+ Kf6 57. Rc6+ Kg5 58. Kf3 Bg3 59. Rg6+ Kh4 60. e5 Ra3+ 61. Ke4 f3 62. Rf6 f2 63. Bd7 Re3+ 64. Kxd4 Re1 65. e6 Be5+ 0-1

[Event "GER-ch 88th"]
[Site "Apolda"]
[Date "2017.06.23"]
[Round "1"]
[White "Heinert, Eugen"]
[Black "Schmidt Schaeffer, Sebastian"]
[Result "1/2-1/2"]
[WhiteElo "2151"]
[BlackElo "2381"]
[PlyCount "112"]
[EventDate "2017.06.23"]
[EventType "swiss"]
[EventRounds "9"]
[EventCountry "GER"]
[SourceTitle "CBM 179 Extra"]
[Source "ChessBase"]
[SourceDate "2017.08.23"]
[SourceVersion "1"]
[SourceVersionDate "2017.08.23"]
[SourceQuality "1"]

1. Nf3 d5 2. c4 e6 3. g3 Nf6 4. Bg2 Be7 5. 0-0 0-0 6. b3 c5 7. cxd5 Nxd5 8. Bb2 Nc6 9. d4 cxd4 10. Nxd4 Nxd4 11. Bxd4 Bd7 12. Nd2 Bc6 13. Nc4 f6 14. e4 Nb4 15. a3 Na6 16. Be3 e5 17. Qc2 Qc7 18. b4 Bd7 19. Rfc1 Be6 20. Na5 Qd7 21. Rd1 Qc8 22. Qxc8 Bxc8 23. Rac1 Rd8 24. Bf1 Rxd1 25. Rxd1 Nc7 26. Nxb7 Bxb7 27. Rd7 Bd8 28. Bc4+ Kh8 29. Bxa7 Bxe4 30. b5 h5 31. b6 Ne8 32. Bf7 Bc6 33. Bxe8 Bxb6 34. Bxb6 Rxe8 35. Rd8 Rxd8 36. Bxd8 Kg8 37. Kf1 Kf7 38. Ke2 Ke6 39. Kd3 h4 40. gxh4 Kd5 41. Be7 f5 42. h5 Ke6 43. Bf8 Kf7 44. h6 gxh6 45. Bxh6 Kg6 46. Bf8 f4 47. Bd6 Kf5 48. Kc4 e4 49. Kb4 e3 50. fxe3 fxe3 51. Bc5 Kf4 52. Kb3 Kf3 53. a4 e2 54. Bb4 Kg4 55. Be1 Kh3 56. Bg3 Bxa4+ 1/2-1/2

[Event "Goch op 27th"]
[Site "Goch"]
[Date "2016.09.01"]
[Round "1"]
[White "Heinert, Eugen"]
[Black "Fieberg, Christoph"]
[Result "1-0"]
[WhiteElo "2153"]
[BlackElo "1855"]
[PlyCount "47"]
[EventDate "2016.09.01"]
[EventType "swiss"]
[EventRounds "7"]
[EventCountry "GER"]
[SourceTitle "EXT 2018"]
[Source "ChessBase"]
[SourceDate "2017.10.13"]
[SourceVersion "1"]
[SourceVersionDate "2017.10.13"]
[SourceQuality "1"]

1. d4 d5 2. c4 c6 3. Nf3 Nf6 4. Nc3 e6 5. Bg5 dxc4 6. e4 b5 7. e5 h6 8. Bh4 g5 9. exf6 gxh4 10. Ne5 Nd7 11. Nxf7 Qxf6 12. Nxh8 Qxh8 13. Qh5+ Kd8 14. Qxh4+ Be7 15. Qe4 Bb7 16. Be2 Rb8 17. Qxe6 Bf6 18. Bg4 Qg7 19. Rd1 Kc7 20. Qxd7+ Qxd7 21. Bxd7 Kxd7 22. 0-0 Re8 23. Rfe1 Rg8 24. Ne4 1-0

[Event "Dortmund Sparkassen op-A 44th"]
[Site "Dortmund"]
[Date "2016.07.12"]
[Round "4"]
[White "Heinert, Eugen"]
[Black "Wastian, Jan"]
[Result "1-0"]
[WhiteElo "2171"]
[BlackElo "1877"]
[PlyCount "67"]
[EventDate "2016.07.09"]
[EventType "swiss"]
[EventRounds "9"]
[EventCountry "GER"]
[SourceTitle "CBM 173 Extra"]
[Source "ChessBase"]
[SourceDate "2016.08.29"]
[SourceVersion "1"]
[SourceVersionDate "2016.08.29"]
[SourceQuality "1"]

1. Nf3 d5 2. c4 c6 3. g3 Nf6 4. Bg2 Bf5 5. cxd5 cxd5 6. Qb3 Qc8 7. Nc3 e6 8. d3 Nc6 9. Bf4 Nh5 10. Be3 Bd6 11. 0-0 0-0 12. Rfc1 Qd7 13. Nb5 Be7 14. Nfd4 Bg6 15. Nxc6 bxc6 16. Na3 Rab8 17. Qc3 Rfc8 18. Rc2 c5 19. Qa5 c4 20. Rac1 cxd3 21. Qxa7 Qe8 22. Rxc8 Rxc8 23. Rxc8 Qxc8 24. Qxe7 dxe2 25. Qb4 d4 26. Bd2 h6 27. Nc4 Nf6 28. Ne5 Bf5 29. Qc4 Qb8 30. Qxd4 Qb5 31. Bc6 e1Q+ 32. Bxe1 Qe2 33. Bc3 Ng4 34. Nxg4 1-0

[Event "Dortmund Sparkassen op-A 44th"]
[Site "Dortmund"]
[Date "2016.07.10"]
[Round "2"]
[White "Heinert, Eugen"]
[Black "Hartung, Thomas1111"]
[Result "1-0"]
[WhiteElo "2171"]
[BlackElo "2018"]
[PlyCount "29"]
[EventDate "2016.07.09"]
[EventType "swiss"]
[EventRounds "9"]
[EventCountry "GER"]
[SourceTitle "CBM 173 Extra"]
[Source "ChessBase"]
[SourceDate "2016.08.29"]
[SourceVersion "1"]
[SourceVersionDate "2016.08.29"]
[SourceQuality "1"]

1. d4 Nf6 2. Bg5 e6 3. e4 h6 4. Bxf6 Qxf6 5. c3 c5 6. d5 Qe5 7. Bd3 exd5 8. Nf3 Qe6 9. 0-0 dxe4 10. Bxe4 Be7 11. Re1 Qf6 12. Nbd2 0-0 13. Nc4 Rd8 14. Ne3 Kf8 15. Nd5 1-0

[Event "Dortmund Sparkassen op-A 44th"]
[Site "Dortmund"]
[Date "2016.07.09"]
[Round "1"]
[White "Von Bargen, Lukas"]
[Black "Heinert, Eugen"]
[Result "1-0"]
[WhiteElo "1964"]
[BlackElo "2171"]
[PlyCount "69"]
[EventDate "2016.07.09"]
[EventType "swiss"]
[EventRounds "9"]
[EventCountry "GER"]
[SourceTitle "CBM 173 Extra"]
[Source "ChessBase"]
[SourceDate "2016.08.29"]
[SourceVersion "1"]
[SourceVersionDate "2016.08.29"]
[SourceQuality "1"]

1. d4 d5 2. c4 c6 3. Nf3 Nf6 4. Nc3 dxc4 5. g3 g6 6. Bg2 Bg7 7. 0-0 0-0 8. Ne5 Ng4 9. Nxg4 Bxg4 10. h3 Be6 11. e3 Na6 12. Qe2 Qd7 13. Kh2 Rfd8 14. Rd1 Rac8 15. Bd2 Qc7 16. Be1 h6 17. a3 Rd7 18. f4 Rcd8 19. Rac1 Qb6 20. Bf2 Qb3 21. Bf3 f5 22. g4 Nc7 23. gxf5 gxf5 24. e4 Kh8 25. e5 Nd5 26. Nxd5 Bxd5 27. Bxd5 cxd5 28. Rc3 Qb6 29. Rg1 Rg8 30. Rcg3 Rdd8 31. Rg6 e6 32. Qh5 Kh7 33. Bh4 Rde8 34. Bf6 Qc7 35. Rxg7+ 1-0